A Modern Approach to Verbal & Non -Verbal Reasoning/ (Record no. 193936)
[ view plain ]
| 000 -LEADER | |
|---|---|
| fixed length control field | 00877 a2200205 4500 |
| 005 - DATE AND TIME OF LATEST TRANSACTION | |
| control field | 20240604143713.0 |
| 010 ## - LCCN (DPL NO) | |
| LC control number | B-747179-180 E.N.A./7.11.22 ENG-140576 |
| 020 ## - INTERNATIONAL STANDARD BOOK NUMBER | |
| International Standard Book Number | 9789355011534 |
| Terms of availability | 899.00 |
| 035 ## - SYSTEM CONTROL NUMBER | |
| System control number | B-747179-180 |
| 035 ## - SYSTEM CONTROL NUMBER | |
| System control number | EN-124108 |
| 037 ## - SOURCE OF ACQUISITION | |
| Source of stock number/acquisition | AKPD |
| 082 ## - DEWEY DECIMAL CLASSIFICATION NUMBER | |
| Classification number | 000 |
| 100 ## - MAIN ENTRY--PERSONAL NAME | |
| Personal name | Aggarwal, R.S. |
| 245 ## - TITLE STATEMENT | |
| Title | A Modern Approach to Verbal & Non -Verbal Reasoning/ |
| Statement of responsibility, etc | R.S. Aggarwal |
| 260 ## - PUBLICATION, DISTRIBUTION, ETC. (IMPRINT) | |
| Place of publication, distribution, etc | New Delhi |
| Name of publisher, distributor, etc | S Chand And Company |
| Date of publication, distribution, etc | 2022 |
| 270 ## - ADDRESS | |
| Address | Block B-1, House no-D-1, Grund Floor, Mohan Co- operative Industrial Estate, |
| City | New Delhi |
| Postal code | 110044 |
| 300 ## - PHYSICAL DESCRIPTION | |
| Extent | Various p. |
| Dimensions | 27cm(pbk) |
| 942 ## - ADDED ENTRY ELEMENTS (KOHA) | |
| Source of classification or shelving scheme | Dewey Decimal Classification |
| Item type | English Books |
| Call number suffix | AGG |
| Classification part | 000 |
| Withdrawn status | Lost status | Not for loan | Collection code | Home library | Current library | Date acquired | Source of acquisition | Cost, normal purchase price | Full call number | Barcode | Copy number | Cost, replacement price | Koha item type |
|---|---|---|---|---|---|---|---|---|---|---|---|---|---|
| Non-fiction | Central Jail Tihar | Central Jail Tihar | 04/06/2024 | DBAD | 899.00 | AGG 000 | EN-124108 | 1 | 899.00 | English Books | |||
| Non-fiction | Central Library | Central Library | 27/01/2023 | AKPD/A-22/28.11.22/147/23.11.22/2.12.22 | 899.00 | 000 AGG | B-747179 | 1 | 899.00 | English Books | |||
| Non-fiction | Sarojini Nagar | Sarojini Nagar | 27/01/2023 | AKPD/A-22/28.11.22/147/23.11.22/2.12.22 | 899.00 | 000 AGG | B-747180 | 1 | 899.00 | English Books |
